[Event "WCC 2005"]
[Site "0:02.34-0:07.01"]
[Date "2005.11.29"]
[Round "13"]
[White "Lautier, Joel"]
[Black "Pridorozhni, Aleksei"]
[Result "1-0"]
[WhiteElo "2679"]
[WhiteCountry "FRA"]
[BlackElo "2506"]
[BlackCountry "RUS"]
[Remark "WCC 2005 Match 015"]
[PresId "1000130015"]

1. d4 d5 2. c4 c6 3. Nf3 e6 4. e3 f5 5. Bd3 Nf6 6. O-O Bd6 7. b3 Qe7
8. Bb2 O-O 9. Nc3 Ne4 10. Ne2 Nd7 11. Rc1 a5 12. Qc2 b6 13. Ne5 Bb7
14. Nf4 Rac8 15. f3 Ng5 16. Kh1 Nxe5 17. dxe5 Bb8 18. Ne2 Nf7 19. f4
c5 20. cxd5 Bxd5 21. Ng3 Nh6 22. e4 Bb7 23. Qe2 Ng4 24. Rf3 Qh4 25. h3
g5 26. Bc4 fxe4 27. Bxe6+ Kg7 28. Nxe4 Bxe4 29. Qxe4 Nf2+ 30. Rxf2
Qxf2 31. Bxc8 Qxb2 32. Rd1 Rf7 33. Be6 Rxf4 34. Qb7+ Kh6 35. Qxb8 Qe2
36. Qd6 Rf1+ 37. Rxf1 Qxf1+ 38. Kh2 Qf4+ 39. Kg1 Qc1+ 40. Kf2 Qf4+ 41.
Ke2 Qe4+ 42. Kf2 Qf4+ 43. Ke2 Qe4+ 44. Kd2 Qxg2+ 45. Kc1 Kh5 46. Qd1+
Kh6 47. Bg4 Qxa2 48. Qd6+ Kg7 49. Qf6+ 1-0
*

[Event "WCC 2005"]
[Site "0:05.32-0:11.58"]
[Date "2005.11.29"]
[Round "13"]
[White "Bruzon, Lazaro"]
[Black "Kabanov, Nikolai"]
[Result "1/2-1/2"]
[WhiteElo "2677"]
[WhiteCountry "CUB"]
[BlackElo "2506"]
[BlackCountry "RUS"]
[Remark "WCC 2005 Match 016"]
[PresId "1000130016"]

1. d4 Nf6 2. Bg5 Ne4 3. Bf4 c5 4. f3 Nf6 5. dxc5 Qa5+ 6. Nc3 Qxc5 7.
e4 d6 8. Qd2 a6 9. O-O-O Nbd7 10. Kb1 b5 11. Nge2 Bb7 12. Nc1 g6 13.
g4 Bg7 14. Bh6 Bxh6 15. Qxh6 Ne5 16. Nb3 Qc7 17. Be2 b4 18. Nd5 Bxd5
19. exd5 Qb6 20. g5 Nh5 21. Nd4 O-O-O 22. Rhf1 Nf4 23. Qh4 Nxe2 24.
Nxe2 Kb7 25. Qe4 f5 26. gxf6 exf6 27. Nd4 Rc8 28. Nc6 Rhe8 29. Qh4
Ka8 30. Qxf6 Nxc6 31. dxc6 Rxc6 32. Rfe1 Rec8 33. Re2 Qb5 34. Qe6 d5
35. Qe5 Rc5 36. Red2 Qc6 37. Rc1 a5 38. Qd4 Qb5 39. b3 Kb7 40. Rd3
R8c7 41. Rd2 Ka6 42. Qf6+ R5c6 43. Qd4 Rc3 44. Qe5 R7c5 45. Rcd1 Qc6
46. Rxd5 Rxc2 47. Rxc5 Rxc5 48. Qe2+ Kb6 49. Qe3 Ka6 50. Qe2+ Kb6 51.
Qe3 1/2-1/2
*

[Event "WCC 2005"]
[Site "0:03.13-0:09.16"]
[Date "2005.11.29"]
[Round "13"]
[White "Ibraev, Nurlan"]
[Black "Mamedyarov, Shakhriyar"]
[Result "1/2-1/2"]
[WhiteElo "2508"]
[WhiteCountry "KAZ"]
[BlackElo "2674"]
[BlackCountry "AZE"]
[Remark "WCC 2005 Match 018"]
[PresId "1000130018"]

1. Nf3 Nf6 2. c4 g6 3. Nc3 Bg7 4. e4 O-O 5. d4 c6 6. Be2 d5 7. e5 Ne4
8. O-O Nxc3 9. bxc3 dxc4 10. Bxc4 c5 11. h3 Nc6 12. Re1 cxd4 13. cxd4
Na5 14. Bd3 Be6 15. Be4 Bd5 16. Qe2 Rc8 17. Rb1 b6 18. Bxd5 Qxd5 19.
Rb5 Qc4 20. Qxc4 Nxc4 21. d5 Rfd8 22. Bg5 a6 23. Rbb1 Rxd5 24. Bxe7
Nxe5 25. Rxb6 Nxf3+ 26. gxf3 a5 27. Rd6 Rxd6 28. Bxd6 h5 29. Re2 Rc6
30. Bf4 a4 31. Kg2 a3 32. Re8+ Kh7 33. Ra8 Bb2 34. Rd8 Kg7 35. Rd3 Kf6
36. Bd6 Ra6 37. f4 Ke6 38. Bf8 Ra8 39. Bc5 Ra5 40. Bf8 Ra4 41. Kf3 f6
42. Bc5 Ra6 43. Bf8 Ra8 44. Bc5 Ra4 45. Rd6+ Kf7 46. Rd7+ Ke8 47. Rd3
Ra6 48. Ke4 Bc1 49. Kd5 Kf7 50. Rb3 Ra4 51. Rb7+ Kg8 52. Rb8+ Kf7 53.
Rb7+ Kg8 54. Rb8+ 1/2-1/2
*

[Event "WCC 2005"]
[Site "0:05.33-0:00.03"]
[Date "2005.11.29"]
[Round "13"]
[White "Vallejo Pons, Francisco"]
[Black "Li, Shilong"]
[Result "1-0"]
[WhiteElo "2674"]
[WhiteCountry "ESP"]
[BlackElo "2510"]
[BlackCountry "CHN"]
[Remark "WCC 2005 Match 019"]
[PresId "1000130019"]

1. e4 g6 2. d4 Bg7 3. c4 c5 4. Nf3 cxd4 5. Nxd4 Nc6 6. Be3 Nf6 7. Nc3
Ng4 8. Qxg4 Nxd4 9. Qd1 Ne6 10. Rc1 Qa5 11. Qd2 b6 12. Bd3 Bb7 13. b3
g5 14. Nd5 Qxd2+ 15. Kxd2 h5 16. g3 Bb2 17. Rb1 Be5 18. Rbf1 f6 19. f4
Bd6 20. e5 fxe5 21. Bg6+ Kd8 22. fxg5 b5 23. Bf7 bxc4 24. bxc4 Rc8 25.
Rb1 Ba6 26. Bxa7 Rxc4 27. g6 Ng7 28. Rhc1 e6 29. Rxc4 Bxc4 30. Bc5 Bc7
31. Be7+ Kc8 32. Nxc7 Kxc7 33. Bf6 Ra8 34. Bxe5+ d6 35. Bxg7 Rxa2+ 36.
Rb2 Ra3 37. Rc2 1-0
*

[Event "WCC 2005"]
[Site "0:01.45-0:02.44"]
[Date "2005.11.29"]
[Round "13"]
[White "Arencibia, Walter"]
[Black "Smirin, Ilia"]
[Result "1/2-1/2"]
[WhiteElo "2510"]
[WhiteCountry "CUB"]
[BlackElo "2673"]
[BlackCountry "ISR"]
[Remark "WCC 2005 Match 020"]
[PresId "1000130020"]

1. Nf3 Nf6 2. c4 g6 3. g3 Bg7 4. Bg2 O-O 5. O-O d5 6. cxd5 Nxd5 7. d4
Nb6 8. Nc3 Nc6 9. d5 Na5 10. Qc2 c6 11. dxc6 Nxc6 12. Rd1 Qe8 13. Be3
Bf5 14. Qc1 Rc8 15. Bd4 Nxd4 16. Nxd4 Rc7 17. Nxf5 gxf5 18. Qf4 Qc8
19. Rac1 e6 20. e4 Rc4 21. Bf1 Rc5 22. Bd3 Qb8 23. Qxb8 Rxb8 24. exf5
exf5 25. Nb5 Rd5 26. b3 Rbd8 27. Be2 a6 28. Rxd5 Rxd5 29. Na7 Rd2 30.
Kf1 Rxa2 31. Rc7 f4 32. Rxb7 Bd4 33. Nc6 f3 34. Bxf3 Rxf2+ 35. Ke1
Rxf3 36. Nxd4 Rf6 37. g4 h5 38. g5 Rf4 39. Rxb6 Rxd4 40. Rxa6 Rb4 41.
Ra3 Kg7 42. Kd2 Rh4 43. Ra6 Rxh2+ 44. Ke3 Rh3+ 45. Kf4 Rxb3 46. Rh6
Rb4+ 47. Kf3 h4 48. Kf2 f5 49. Rf6 Rf4+ 50. Ke3 Rg4 51. Rxf5 h3 52.
Rf1 Kg6 53. Rh1 Ra4 54. Kf3 Kxg5 55. Rxh3 Ra3+ 56. Kg2 Rxh3 57. Kxh3
1/2-1/2
*

[Event "WCC 2005"]
[Site "0:00.17-0:05.48"]
[Date "2005.11.29"]
[Round "13"]
[White "Yu, Shaoteng"]
[Black "Harikrishna, Pentala"]
[Result "0-1"]
[WhiteElo "2516"]
[WhiteCountry "CHN"]
[BlackElo "2673"]
[BlackCountry "IND"]
[Remark "WCC 2005 Match 021"]
[PresId "1000130021"]

1. e4 c6 2. d4 d5 3. exd5 cxd5 4. c3 Nc6 5. Bf4 Nf6 6. Bd3 g6 7. Nf3
Bg7 8. O-O O-O 9. Re1 Nh5 10. Bg5 Qc7 11. Nbd2 f6 12. Be3 e5 13. Qb3
Be6 14. dxe5 fxe5 15. Ng5 Bf7 16. Nxf7 Qxf7 17. Nf3 h6 18. Bb5 e4 19.
Bxc6 bxc6 20. Nd4 Rac8 21. Rad1 Nf6 22. h3 Nd7 23. Qb7 Nc5 24. Qxf7+
Rxf7 25. Nf5 gxf5 26. Bxc5 Rb8 27. Re2 Rfb7 28. Rdd2 h5 29. Rc2 Kf7
30. b3 a6 31. Red2 Rd7 32. Rd1 Ke6 33. Rdd2 Bf8 34. Bxf8 Rxf8 35. Rd4
Rg8 36. Kf1 Rdg7 37. g3 h4 38. gxh4 f4 39. Ke2 Rg1 40. c4 Ke5 41. Rd1
f3+ 42. Kd2 e3+ 0-1
*

[Event "WCC 2005"]
[Site "0:14.17-0:00.40"]
[Date "2005.11.29"]
[Round "13"]
[White "Eljanov, Pavel"]
[Black "Kudrin, Sergey"]
[Result "1-0"]
[WhiteElo "2663"]
[WhiteCountry "UKR"]
[BlackElo "2551"]
[BlackCountry "USA"]
[Remark "WCC 2005 Match 027"]
[PresId "1000130027"]

1. Nf3 c5 2. c4 b6 3. Nc3 Bb7 4. e4 d6 5. d4 cxd4 6. Nxd4 Nf6 7. f3 e6
8. Be3 Be7 9. Be2 O-O 10. O-O a6 11. Qd2 Qc7 12. Rac1 Nbd7 13. a3 Rac8
14. b4 Qb8 15. Rfd1 Rfe8 16. Kh1 Bd8 17. Nb3 Bc7 18. Bf4 Ne5 19. Bxe5
dxe5 20. c5 Red8 21. Qe3 b5 22. a4 bxa4 23. Nxa4 Rd4 24. Nxd4 exd4 25.
Qg1 e5 26. c6 Ba8 27. Bxa6 Re8 28. b5 Qa7 29. Qf1 Rb8 30. b6 Rxb6 31.
Nxb6 Bxb6 32. Qb5 h6 33. Qxb6 Qxb6 34. c7 1-0
*

[Event "WCC 2005"]
[Site "0:05.02-0:08.27"]
[Date "2005.11.29"]
[Round "13"]
[White "Balogh, Csaba"]
[Black "Karjakin, Sergey"]
[Result "1-0"]
[WhiteElo "2567"]
[WhiteCountry "HUN"]
[BlackElo "2658"]
[BlackCountry "UKR"]
[Remark "WCC 2005 Match 030"]
[PresId "1000130030"]

1. e4 e5 2. Nf3 Nc6 3. Bb5 Nf6 4. O-O Nxe4 5. Re1 Nd6 6. Nxe5 Be7 7.
Bf1 Nxe5 8. Rxe5 O-O 9. d4 Bf6 10. Re1 Nf5 11. c3 d5 12. Bd3 g6 13.
Nd2 Nd6 14. Nf3 Bf5 15. Bf4 Bxd3 16. Qxd3 c6 17. Re2 Re8 18. Ne5 Bg7
19. Rae1 Re6 20. f3 Nf5 21. g4 Nd6 22. Nxf7 Rxe2 23. Nxd8 Rxe1+ 24.
Kf2 Re8 25. Nxc6 bxc6 26. Bxd6 Re6 27. Bf4 Rf8 28. Bd2 Bf6 29. b4 Bh4+
30. Kg2 Rfe8 31. Kf1 Rb8 32. a4 Be7 33. Bf4 Rf8 34. Be5 Bf6 35. Qe3
Bg7 36. Kg2 Re7 37. h4 h6 38. Kg3 Ref7 39. f4 Kh7 40. a5 a6 41. g5 h5
42. Bd6 Rd8 43. Qe6 Rf5 44. Bc7 Rdf8 45. Qxc6 R8f7 46. b5 Re7 47. bxa6
1-0
*

[Event "WCC 2005"]
[Site "0:05.47-0:01.35"]
[Date "2005.11.29"]
[Round "13"]
[White "Agrest, Evgenij"]
[Black "Timofeev, Artyom"]
[Result "1/2-1/2"]
[WhiteElo "2570"]
[WhiteCountry "SWE"]
[BlackElo "2658"]
[BlackCountry "RUS"]
[Remark "WCC 2005 Match 031"]
[PresId "1000130031"]

1. d4 d5 2. Nf3 e6 3. c4 Nf6 4. Nc3 c6 5. e3 Nbd7 6. Qc2 b6 7. Bd3 Bb7
8. O-O Be7 9. b3 Qc7 10. Bb2 Rd8 11. Qe2 O-O 12. Rad1 c5 13. cxd5 Nxd5
14. Nxd5 Bxd5 15. e4 Bb7 16. d5 exd5 17. exd5 Bf6 18. d6 Qb8 19. Nh4
g6 20. Nf5 gxf5 21. Bxf5 Bxb2 22. Qxb2 Rfe8 23. Rd3 Ne5 24. Qd2 Ng6
25. Qh6 Re5 26. Rh3 Rxf5 27. Qxh7+ Kf8 28. Re1 Qxd6 29. Qh6+ Kg8 30.
Qh7+ Kf8 31. Qh6+ Kg8 32. Qh7+ Kf8 33. Qh6+ 1/2-1/2
*

[Event "WCC 2005"]
[Site "0:00.28-0:00.57"]
[Date "2005.11.29"]
[Round "13"]
[White "Azmaiparashvili, Zurab"]
[Black "Carlsen, Magnus"]
[Result "0-1"]
[WhiteElo "2658"]
[WhiteCountry "GEO"]
[BlackElo "2570"]
[BlackCountry "NOR"]
[Remark "WCC 2005 Match 032"]
[PresId "1000130032"]

1. d4 Nf6 2. c4 e6 3. Nf3 b6 4. Bg5 h6 5. Bh4 Be7 6. Nc3 Bb7 7. e3 c5
8. Be2 O-O 9. O-O cxd4 10. Nxd4 a6 11. Bf3 Bxf3 12. Qxf3 Ra7 13. Rac1
Rc7 14. b3 Nc6 15. Bg3 Nxd4 16. exd4 d6 17. d5 e5 18. Qe2 Nd7 19. f4
Re8 20. Qf2 Rf8 21. fxe5 dxe5 22. Qe2 f5 23. Rcd1 Bd6 24. Qh5 Qg5 25.
Qxg5 hxg5 26. Be1 g4 27. a4 Nc5 28. b4 Nd7 29. c5 bxc5 30. b5 a5 31.
Nb1 Ra7 32. Nd2 Nb6 33. Nb3 g6 34. Nxa5 Rfa8 35. Nc6 Rxa4 36. Bc3 e4
37. Be5 Bxe5 38. Nxe5 Kg7 39. d6 Kf6 40. Nxg4+ Ke6 41. Ne3 Rd4 42. g4
Rxd1 43. Rxd1 f4 44. Ng2 g5 45. h4 f3 46. Ne3 gxh4 47. Nf5 c4 48. d7
Nxd7 49. Rd6+ Ke5 50. Rxd7 c3 51. Rc7 Ra1+ 52. Kf2 Ra2+ 53. Kg1 c2 54.
b6 Ra1+ 55. Kf2 c1Q 56. Rxc1 Rxc1 0-1
*

[Event "WCC 2005"]
[Site "0:15.39-0:08.39"]
[Date "2005.11.29"]
[Round "13"]
[White "Ammonatov, Farrukh"]
[Black "Krasenkow, Michal"]
[Result "1-0"]
[WhiteElo "2572"]
[WhiteCountry "TJK"]
[BlackElo "2655"]
[BlackCountry "POL"]
[Remark "WCC 2005 Match 033"]
[PresId "1000130033"]

1. e4 c5 2. Nf3 Nc6 3. Bb5 e6 4. Nc3 Nd4 5. O-O a6 6. Bd3 Ne7 7. Nxd4
cxd4 8. Ne2 d5 9. e5 Nc6 10. f4 Nb4 11. a3 Nxd3 12. cxd3 Bd7 13. Kh1
Qb6 14. b4 a5 15. Bb2 axb4 16. Bxd4 Qd8 17. axb4 Bxb4 18. Qb3 Be7 19.
Qxb7 Rb8 20. Qa7 Bc6 21. Bc5 Ra8 22. Bxe7 Rxa7 23. Bxd8 Rxa1 24. Rxa1
Kxd8 25. Ra7 Bd7 26. Nd4 Rf8 27. Kg1 f6 28. f5 fxe5 29. fxe6 exd4 30.
Rxd7+ Ke8 31. Rxg7 h6 32. Rg6 Rh8 33. h4 Ke7 34. h5 1-0
*

[Event "WCC 2005"]
[Site "0:01.31-0:01.21"]
[Date "2005.11.29"]
[Round "13"]
[White "Sutovsky, Emil"]
[Black "Hamdouchi, Hichem"]
[Result "1-0"]
[WhiteElo "2654"]
[WhiteCountry "ISR"]
[BlackElo "2574"]
[BlackCountry "MAR"]
[Remark "WCC 2005 Match 034"]
[PresId "1000130034"]

1. e4 c5 2. Nc3 Nc6 3. Nf3 d6 4. d4 cxd4 5. Nxd4 e5 6. Nf5 Bxf5 7.
exf5 Qd7 8. g4 h5 9. g5 Qxf5 10. Be3 O-O-O 11. h4 Kb8 12. Bh3 Qg6 13.
Bg2 Nge7 14. Nd5 Nxd5 15. Qxd5 Qe6 16. O-O-O Qxd5 17. Bxd5 Rd7 18. f4
exf4 19. Bxf4 Kc7 20. Rhf1 g6 21. Bg3 Bg7 22. Bxf7 Be5 23. Bxe5 Nxe5
24. Bb3 Rdd8 25. Rf6 Rhf8 26. Rdxd6 Rxd6 27. Rxf8 Rd4 28. Re8 Nf3 29.
c3 Rxh4 30. Re7+ Kd8 31. Rxb7 Rh1+ 32. Kc2 Rh2+ 33. Kd3 Rxb2 34. Rxa7
Nxg5 35. Rg7 Nh3 36. c4 Nf4+ 37. Kc3 Rb1 38. c5 h4 39. Kd4 h3 40. Ke5
h2 41. Kd6 Re1 42. c6 Re8 43. Ra7 1-0
*

[Event "WCC 2005"]
[Site "0:02.54-0:00.29"]
[Date "2005.11.29"]
[Round "13"]
[White "Khalifman, Alexander"]
[Black "Inarkiev, Ernesto"]
[Result "1/2-1/2"]
[WhiteElo "2653"]
[WhiteCountry "RUS"]
[BlackElo "2577"]
[BlackCountry "RUS"]
[Remark "WCC 2005 Match 036"]
[PresId "1000130036"]

1. Nf3 Nf6 2. c4 g6 3. Nc3 Bg7 4. e4 d6 5. d4 O-O 6. Be2 e5 7. O-O Nc6
8. d5 Ne7 9. Ne1 Nd7 10. Be3 f5 11. f3 f4 12. Bf2 g5 13. Rc1 a6 14.
Nd3 b6 15. b4 Rf6 16. c5 Rh6 17. cxd6 cxd6 18. g4 fxg3 19. hxg3 Ng6
20. Kg2 Nf6 21. Rh1 Rxh1 22. Qxh1 Bd7 23. b5 axb5 24. Nb4 g4 25. Nc6
Qf8 26. Rc2 h5 27. Qd1 Bh6 28. Nxb5 h4 29. Nc7 hxg3 30. Bxg3 Ra3 31.
Ne6 Qf7 32. Qh1 gxf3+ 33. Bxf3 Nxd5 34. Rf2 Bxc6 35. Qxh6 Qxe6 36.
exd5 Bxd5 37. Bxd5 Qxd5+ 38. Kh2 Qe6 39. Qd2 Ra7 40. Qg5 Kg7 41. Qd8
Rf7 42. Qxb6 Rxf2+ 43. Qxf2 d5 44. a4 d4 45. a5 d3 46. Qe3 e4 47. a6
Qa2+ 48. Kh3 Qe6+ 49. Kh2 Qa2+ 50. Kh3 d2 51. Qd4+ Kf7 52. a7 e3 53.
Qd7+ Ne7 54. Bh4 d1Q 55. Qxe7+ Kg6 56. Qf6+ Kh7 57. Qe7+ Kg6 58. Qf6+
Kh7 59. Qe7+ Kg8 60. Qe8+ Kg7 61. Qe7+ Kg6 62. Qf6+ 1/2-1/2
*

[Event "WCC 2005"]
[Site "0:02.53-0:00.01"]
[Date "2005.11.29"]
[Round "13"]
[White "Gurevich, Mikhail"]
[Black "Markus, Robert"]
[Result "1-0"]
[WhiteElo "2652"]
[WhiteCountry "TUR"]
[BlackElo "2579"]
[BlackCountry "SCG"]
[Remark "WCC 2005 Match 038"]
[PresId "1000130038"]

1. c4 Nf6 2. g3 c5 3. Bg2 d5 4. cxd5 Nxd5 5. Nc3 Nc7 6. Qb3 Nc6 7.
Bxc6+ bxc6 8. Qa4 Bd7 9. Nf3 f6 10. d3 e5 11. O-O Be7 12. Ne4 Ne6 13.
Be3 Nd4 14. Bxd4 cxd4 15. Rfc1 Qb6 16. Qc4 Qb5 17. Nfd2 Qxc4 18. Nxc4
O-O 19. Na5 Rfc8 20. Nc5 Be8 21. b4 Rab8 22. a3 Bd8 23. Ncb3 c5 24.
Rxc5 Rxc5 25. Nxc5 Bxa5 26. bxa5 Bh5 27. f3 Rb5 28. Rc1 Rxa5 29. g4
Bg6 30. a4 h5 31. h4 hxg4 32. fxg4 Be8 33. Nb7 Rd5 34. Rc8 Kf7 35.
Rc7+ Rd7 36. Nd6+ Kf8 37. Rc6 Ke7 38. Nxe8 Kxe8 39. Kf2 Kf7 40. h5 Rb7
41. Kf3 Kg8 42. Rc8+ Kh7 43. Ra8 Rc7 44. a5 Rc2 45. Rxa7 Ra2 46. Ra8
Kh6 47. a6 Ra5 48. a7 Kh7 49. g5 fxg5 50. Kg4 g6 51. hxg6+ Kg7 52.
Kxg5 e4+ 53. Kf4 exd3 54. exd3 Ra6 55. Ke4 1-0
*

[Event "WCC 2005"]
[Site "0:02.43-0:01.02"]
[Date "2005.11.29"]
[Round "13"]
[White "Izoria, Zviad"]
[Black "Erenburg, Sergey"]
[Result "1/2-1/2"]
[WhiteElo "2646"]
[WhiteCountry "GEO"]
[BlackElo "2582"]
[BlackCountry "ISR"]
[Remark "WCC 2005 Match 042"]
[PresId "1000130042"]

1. d4 d5 2. c4 c6 3. Nf3 Nf6 4. Nc3 e6 5. Bg5 h6 6. Bh4 dxc4 7. e4 g5
8. Bg3 b5 9. Be2 Bb7 10. O-O Nbd7 11. Ne5 Bg7 12. Nxd7 Nxd7 13. Bd6 a6
14. e5 c5 15. Bh5 Bf8 16. d5 Bxd6 17. Bxf7+ Kxf7 18. dxe6+ Kg7 19.
Qxd6 Nf8 20. e7 Qxd6 21. exd6 Nd7 22. f4 g4 23. Rae1 Nf6 24. Re5 Nd7
25. Re3 Kf7 26. Ne2 h5 27. f5 Rh6 28. Rd1 Re8 29. Nf4 Rf6 30. Ne6 Rxf5
31. Nd8+ Kf6 32. Re6+ Kg5 33. Nxb7 b4 34. Nd8 c3 35. bxc3 bxc3 36. Re2
Kf6 37. Re6+ Kg7 38. Rc1 Rd5 39. Rxc3 Nf8 40. Re1 Rxd6 41. exf8Q+ Kxf8
42. Rxe8+ Kxe8 43. Nb7 Rd1+ 44. Kf2 Rd2+ 45. Kg3 h4+ 46. Kxh4 Rxg2 47.
a3 c4 48. Nd6+ Kd7 49. Nxc4 Rxh2+ 50. Kxg4 Kc6 51. Kf4 Kc5 52. Ke4
Rh4+ 1/2-1/2
*

[Event "WCC 2005"]
[Site "0:03.10-0:04.06"]
[Date "2005.11.29"]
[Round "13"]
[White "Navara, David"]
[Black "Nikolic, Predrag"]
[Result "1/2-1/2"]
[WhiteElo "2646"]
[WhiteCountry "CZE"]
[BlackElo "2584"]
[BlackCountry "BIH"]
[Remark "WCC 2005 Match 043"]
[PresId "1000130043"]

1. d4 f5 2. g3 Nf6 3. Bg2 g6 4. Nf3 Bg7 5. O-O O-O 6. b3 d6 7. Bb2 a5
8. c4 Na6 9. Nc3 Qe8 10. e4 e5 11. Re1 f4 12. dxe5 dxe5 13. gxf4 Nh5
14. fxe5 Bg4 15. Nd5 c6 16. Nf6+ Nxf6 17. exf6 Bxf6 18. Bxf6 Rxf6 19.
Qd3 Bxf3 20. Bxf3 Qe5 21. Bg2 Nb4 22. Qe2 Raf8 23. f3 Rd8 24. Rad1
Rfd6 25. Rxd6 Rxd6 26. Rd1 Qc5+ 27. Kf1 Rxd1+ 28. Qxd1 Qe3 29. Qd8+
Kg7 30. Qe7+ 1/2-1/2
*

[Event "WCC 2005"]
[Site "0:09.18-0:00.21"]
[Date "2005.11.29"]
[Round "13"]
[White "Efimenko, Zahar"]
[Black "Macieja, Bartlomiej"]
[Result "1-0"]
[WhiteElo "2637"]
[WhiteCountry "UKR"]
[BlackElo "2591"]
[BlackCountry "POL"]
[Remark "WCC 2005 Match 051"]
[PresId "1000130051"]

1. e4 c5 2. Nf3 Nc6 3. d4 cxd4 4. Nxd4 e6 5. Nc3 Qc7 6. Be2 a6 7. O-O
Nf6 8. Be3 Be7 9. f4 d6 10. Kh1 O-O 11. Qe1 Nxd4 12. Bxd4 e5 13. fxe5
dxe5 14. Qg3 Nd7 15. Nd5 Qd8 16. Bxe5 Nxe5 17. Qxe5 Be6 18. Rad1 Bxd5
19. Rxd5 Qe8 20. Qf5 Rc8 21. Bd3 Qc6 22. b3 Rc7 23. a4 g6 24. Qe5 Bd8
25. Qd4 Qe8 26. Rd1 Be7 27. Bc4 Qc8 28. Rf1 Qg4 29. Qe5 Qc8 30. Rd3
Bc5 31. Rh3 Qd8 32. Qf4 h5 33. Qh6 Rc6 34. Rhf3 Qe7 35. e5 Bd4 36.
Rxf7 Rxf7 37. Bxf7+ Qxf7 38. Rxf7 Kxf7 39. Qf4+ 1-0
*

[Event "WCC 2005"]
[Site "0:12.18-0:17.03"]
[Date "2005.11.29"]
[Round "13"]
[White "Kobalia, Mikhail"]
[Black "Zhang, Zhong"]
[Result "0-1"]
[WhiteElo "2634"]
[WhiteCountry "RUS"]
[BlackElo "2598"]
[BlackCountry "CHN"]
[Remark "WCC 2005 Match 054"]
[PresId "1000130054"]

1. e4 c5 2. Nf3 Nc6 3. Bb5 d6 4. Bxc6+ bxc6 5. O-O Bg4 6. h3 Bh5 7. c3
Nf6 8. Re1 e6 9. d4 cxd4 10. cxd4 Be7 11. Nc3 O-O 12. Bf4 d5 13. exd5
cxd5 14. g4 Bg6 15. Ne5 Qb6 16. Na4 Qb5 17. h4 Rac8 18. Re2 h5 19. Nc3
Qa6 20. g5 Ne4 21. Bd2 Nxc3 22. Bxc3 Bf5 23. Re3 g6 24. Qd2 Rc7 25. a3
f6 26. gxf6 Bxf6 27. Nf3 Be4 28. Rae1 Qb7 29. Bb4 Rff7 30. Bc5 Bxf3
31. Rxf3 Bxh4 32. Rxf7 Rxf7 33. Rxe6 Kh7 34. Qd3 Rf5 35. b4 Qf7 36.
Re5 Rg5+ 37. Rxg5 Qxf2+ 38. Kh1 Bxg5 39. Qh3 Be3 40. Qg2 Qe1+ 41. Kh2
Bf4+ 42. Kh3 Qe6+ 43. Kh4 Qf6+ 44. Kh3 Qf5+ 0-1
*

[Event "WCC 2005"]
[Site "0:09.43-0:18.20"]
[Date "2005.11.29"]
[Round "13"]
[White "Korneev, Oleg"]
[Black "Miroshnichenko, Evgenij"]
[Result "1/2-1/2"]
[WhiteElo "2599"]
[WhiteCountry "RUS"]
[BlackElo "2634"]
[BlackCountry "UKR"]
[Remark "WCC 2005 Match 055"]
[PresId "1000130055"]

1. e4 Nf6 2. e5 Nd5 3. d4 d6 4. Nf3 dxe5 5. Nxe5 c6 6. Bd3 Nd7 7. O-O
g6 8. Nf3 Bg7 9. Re1 O-O 10. c4 Nc7 11. Nc3 Nb6 12. h3 Ne6 13. c5 Nd5
14. Bc4 Nxc3 15. bxc3 b6 16. Qb3 bxc5 17. Ba3 Qb6 18. Bxe6 Bxe6 19.
Bxc5 Bxb3 20. Bxb6 axb6 21. axb3 e6 22. b4 c5 23. bxc5 bxc5 24. dxc5
Rac8 25. Ne5 Rc7 26. Ra6 Rfc8 27. c6 Bxe5 1/2-1/2
*

[Event "WCC 2005"]
[Site "0:14.43-0:14.13"]
[Date "2005.11.29"]
[Round "13"]
[White "Ftacnik, Lubomir"]
[Black "Istratescu, Andrei"]
[Result "1/2-1/2"]
[WhiteElo "2612"]
[WhiteCountry "SVK"]
[BlackElo "2622"]
[BlackCountry "ROM"]
[Remark "WCC 2005 Match 061"]
[PresId "1000130061"]

1. Nf3 Nf6 2. c4 e6 3. Nc3 Bb4 4. g3 O-O 5. Bg2 d5 6. Qb3 c5 7. O-O
Nc6 8. d3 h6 9. a3 Ba5 10. Na4 b6 11. Qc2 Bd7 12. cxd5 exd5 13. b3 Rc8
14. e3 Qe7 15. Bb2 d4 16. e4 Nb8 17. Bc1 Bxa4 18. bxa4 Nc6 19. Bb2
Rfd8 20. Rad1 Qe6 21. Kh1 Rc7 22. Ng1 Ne5 23. Ne2 Qe7 24. Qb3 Qe6 25.
Qc2 Qe7 26. Qb3 Qe6 27. Qc2 1/2-1/2
*

[Event "WCC 2005"]
[Site "0:05.00-0:15.57"]
[Date "2005.11.29"]
[Round "13"]
[White "Vaganian, Rafael A"]
[Black "Kempinski, Robert"]
[Result "0-1"]
[WhiteElo "2614"]
[WhiteCountry "ARM"]
[BlackElo "2619"]
[BlackCountry "POL"]
[Remark "WCC 2005 Match 063"]
[PresId "1000130063"]

1. d4 Nf6 2. c4 g6 3. g3 Bg7 4. Bg2 d5 5. cxd5 Nxd5 6. Nf3 Nb6 7. Nc3
Nc6 8. e3 O-O 9. O-O Re8 10. d5 Na5 11. Qc2 c6 12. dxc6 Nxc6 13. Rd1
Bf5 14. e4 Bd7 15. a4 Qc8 16. Qe2 Bg4 17. a5 Nd7 18. Be3 Nde5 19. Rd5
Rd8 20. a6 bxa6 21. Rxd8+ Qxd8 22. Rxa6 Qc8 23. Ra4 Qb7 24. Nd1 Rd8
25. h3 Bxf3 26. Bxf3 Qb3 27. Ra1 Nd4 0-1
*

[Event "WCC 2005"]
[Site "0:14.09-0:15.30"]
[Date "2005.11.29"]
[Round "13"]
[White "Cheparinov, Ivan"]
[Black "Fedorov, Alexei"]
[Result "1/2-1/2"]
[WhiteElo "2618"]
[WhiteCountry "BUL"]
[BlackElo "2616"]
[BlackCountry "BLR"]
[Remark "WCC 2005 Match 064"]
[PresId "1000130064"]

1. e4 c5 2. Nc3 Nc6 3. Nge2 g6 4. d4 cxd4 5. Nxd4 Bg7 6. Be3 Nf6 7.
Bc4 O-O 8. Bb3 d6 9. f3 Bd7 10. Qd2 Nxd4 11. Bxd4 b5 12. a4 bxa4 13.
Nxa4 Be6 14. Bxe6 fxe6 15. O-O Nd7 16. Bxg7 Kxg7 17. Qc3+ e5 18. b3
Qb8 19. Ra2 Rc8 20. Qa5 Qc7 21. Qxc7 Rxc7 22. c4 Rb8 23. Ra3 Rb4 24.
Nc3 Rcb7 25. Nd5 Rxb3 26. Rxb3 Rxb3 27. Nxe7 Nc5 28. Ra1 a6 29. Nc8
Rd3 30. Ra5 Rd2 31. Nxd6 Nd3 32. h3 Nf4 33. Rxa6 Rxg2+ 34. Kf1 Rc2 35.
Ra7+ Kf6 36. Ne8+ Ke6 37. Rxh7 Rxc4 38. Nc7+ Kd6 39. Nd5 Nxd5 1/2-1/2
*